Normal view
MARC view
- Pramanik, Ashutosh
Entry Personal Name
001 - CONTROL NUMBER
- control field: 10268
003 - CONTROL NUMBER IDENTIFIER
- control field: NUST
005 - DATE AND TIME OF LATEST TRANSACTION
- control field: 20180430121833.0
008 - FIXED-LENGTH DATA ELEMENTS
- fixed length control field: 180430|| aca||aabn | a|a d
040 ## - CATALOGING SOURCE
- Original cataloging agency: NUST
- Transcribing agency: NUST
100 ## - HEADING--PERSONAL NAME
- Personal name: Pramanik, Ashutosh
670 ## - SOURCE DATA FOUND
- Source citation: Work cat.: (NUST)0: Pramanik, Ashutosh, Electromagnetism Problems with Solutions, 2012
